[Event "Oberliga NRW 1213"]
[Site "Germany"]
[Date "2013.04.28"]
[Round "9.7"]
[White "Partenheimer, Axel"]
[Black "Goldbeck, Daniel Ernst"]
[Result "1-0"]
[WhiteElo "2124"]
[BlackElo "1416"]
[PlyCount "41"]
[EventDate "2012.09.16"]
[EventType "team-tourn"]
[EventRounds "9"]
[EventCountry "GER"]
[SourceTitle "EXT 2017"]
[Source "ChessBase"]
[SourceDate "2016.10.25"]
[SourceVersion "1"]
[SourceVersionDate "2016.10.25"]
[SourceQuality "1"]
[WhiteTeam "Duesseldorf"]
[BlackTeam "Dortmund Hansa II"]
[WhiteTeamCountry "GER"]
[BlackTeamCountry "GER"]

1. Nf3 d5 2. c4 e6 3. g3 b6 4. Bg2 Bb7 5. d4 Nf6 6. 0-0 c5 7. cxd5 exd5 8. Nc3 Na6 9. Ne5 Nc7 10. Qa4+ Nd7 11. Be3 f6 12. Nxd7 Qxd7 13. dxc5 bxc5 14. Qxd7+ Kxd7 15. Rfd1 Ke6 16. Bf4 Bd6 17. Bxd6 Kxd6 18. Rac1 Rhe8 19. Ne4+ Kc6 20. Nxc5 Kb6 21. Na4+ 1-0

[Event "Dortmund Sparkassen op-B"]
[Site "Dortmund"]
[Date "2010.07.23"]
[Round "7"]
[White "Goldbeck, Daniel Ernst"]
[Black "Kartseva, Nataly"]
[Result "1-0"]
[WhiteElo "1477"]
[BlackElo "1402"]
[PlyCount "35"]
[EventDate "2010.07.17"]
[EventType "swiss"]
[EventRounds "9"]
[EventCountry "GER"]
[SourceTitle "EXT 2014"]
[Source "ChessBase"]
[SourceDate "2013.11.20"]
[SourceVersion "1"]
[SourceVersionDate "2013.11.20"]
[SourceQuality "1"]

1. d4 d5 2. Nf3 Bg4 3. c4 Bxf3 4. exf3 dxc4 5. Bxc4 e6 6. Qb3 b6 7. d5 e5 8. d6 Qd7 9. dxc7 Qxc7 10. 0-0 Nf6 11. Be3 Bd6 12. Rc1 Qe7 13. Bxf7+ Kd8 14. Nc3 Nbd7 15. Nb5 Bc5 16. Bxc5 Nxc5 17. Rd1+ Nfd7 18. Qd5 1-0

[Event "Dortmund Sparkassen op-B"]
[Site "Dortmund"]
[Date "2010.07.21"]
[Round "5"]
[White "Schumacher, Timo"]
[Black "Goldbeck, Daniel Ernst"]
[Result "1/2-1/2"]
[WhiteElo "1285"]
[BlackElo "1477"]
[PlyCount "66"]
[EventDate "2010.07.17"]
[EventType "swiss"]
[EventRounds "9"]
[EventCountry "GER"]
[SourceTitle "EXT 2014"]
[Source "ChessBase"]
[SourceDate "2013.11.20"]
[SourceVersion "1"]
[SourceVersionDate "2013.11.20"]
[SourceQuality "1"]

1. d4 d5 2. Bf4 c5 3. e3 e6 4. Nf3 Nf6 5. Bd3 c4 6. Be2 Nc6 7. c3 b5 8. Nbd2 Bd6 9. Bg3 Nh5 10. Ne5 Nxe5 11. Bxe5 Nf6 12. f4 Rg8 13. Qc2 Qe7 14. Bxf6 gxf6 15. 0-0 Rg6 16. Rae1 e5 17. Bh5 Rh6 18. fxe5 Rxh5 19. Rxf6 Bxe5 20. dxe5 Qxe5 21. Rf4 Bf5 22. Qd1 Bd3 23. Nf3 Qg7 24. g4 0-0-0 25. Kh1 Rh3 26. Kg2 Qh6 27. Rxf7 Be4 28. Rh1 Rd7 29. Rf4 Rxf3 30. Rxf3 Rf7 31. Rhf1 Qxe3 32. Kg3 Rxf3+ 33. Rxf3 Bxf3 1/2-1/2

[Event "Dortmund Sparkassen op-B"]
[Site "Dortmund"]
[Date "2010.07.17"]
[Round "1"]
[White "Goldbeck, Daniel Ernst"]
[Black "Ziabari, Morteza"]
[Result "0-1"]
[WhiteElo "1477"]
[BlackElo "1935"]
[PlyCount "64"]
[EventDate "2010.07.17"]
[EventType "swiss"]
[EventRounds "9"]
[EventCountry "GER"]
[SourceTitle "EXT 2014"]
[Source "ChessBase"]
[SourceDate "2013.11.20"]
[SourceVersion "1"]
[SourceVersionDate "2013.11.20"]
[SourceQuality "1"]

1. e4 d6 2. d4 Nf6 3. Nc3 c6 4. f4 Qa5 5. Bd2 Bg4 6. Nf3 e5 7. dxe5 dxe5 8. h3 Bxf3 9. Qxf3 Bb4 10. a3 Nbd7 11. Bc4 0-0 12. 0-0 Qc5+ 13. Be3 Qxc4 14. axb4 Qxb4 15. Bxa7 b6 16. Qe3 exf4 17. Rxf4 Qxb2 18. Rb1 Qa3 19. Bxb6 Rfb8 20. e5 Re8 21. Rxf6 Nxf6 22. Bc5 Qa5 23. Bb4 Qxe5 24. Qxe5 Rxe5 25. Bd6 Re6 26. Bf4 Nd5 27. Nxd5 cxd5 28. c3 Rae8 29. Kf2 Re2+ 30. Kf3 f6 31. g4 g5 32. Bg3 R8e3# 0-1

[Event "Dortmund op-B"]
[Site "Dortmund"]
[Date "2009.07.12"]
[Round "9"]
[White "Goldbeck, Daniel Ernst"]
[Black "Ropers, Klaus"]
[Result "1-0"]
[WhiteElo "1464"]
[BlackElo "1884"]
[PlyCount "69"]
[EventDate "2009.07.04"]
[EventType "swiss"]
[EventRounds "9"]
[EventCountry "GER"]
[SourceTitle "EXT 2012"]
[Source "ChessBase"]
[SourceDate "2011.11.24"]
[SourceVersion "1"]
[SourceVersionDate "2011.11.24"]
[SourceQuality "1"]

1. e4 c5 2. Nc3 Nc6 3. g3 g6 4. Bg2 Bg7 5. Nh3 d6 6. 0-0 Nf6 7. f3 h5 8. Ne2 e5 9. c3 Bd7 10. d4 Nh7 11. d5 Ne7 12. c4 0-0 13. b3 Rb8 14. a4 b6 15. Bb2 a6 16. f4 Qc7 17. Nf2 f6 18. Nc1 Qd8 19. Ncd3 Kh8 20. h3 Rb7 21. Kh2 Rg8 22. Qe2 Bh6 23. Bf3 Qc8 24. Bc1 b5 25. axb5 axb5 26. fxe5 Bxc1 27. exd6 Nxd5 28. Raxc1 Nb4 29. Nxb4 cxb4 30. cxb5 Qb8 31. Rfd1 Rxb5 32. Rc7 Rd8 33. Qc4 Qb6 34. Kg2 Kg7 35. Qe6 1-0

[Event "Dortmund op-B"]
[Site "Dortmund"]
[Date "2009.07.05"]
[Round "2"]
[White "Boeckmann, Lieselotte"]
[Black "Goldbeck, Daniel Ernst"]
[Result "0-1"]
[WhiteElo "972"]
[BlackElo "1464"]
[PlyCount "70"]
[EventDate "2009.07.04"]
[EventType "swiss"]
[EventRounds "9"]
[EventCountry "GER"]
[SourceTitle "EXT 2012"]
[Source "ChessBase"]
[SourceDate "2011.11.24"]
[SourceVersion "1"]
[SourceVersionDate "2011.11.24"]
[SourceQuality "1"]

1. d4 d5 2. Nf3 Bf5 3. g3 Nf6 4. Bg2 e6 5. 0-0 c5 6. c3 Nc6 7. Nbd2 Bd6 8. e3 0-0 9. Re1 Qb6 10. a4 c4 11. b3 cxb3 12. Nxb3 Rac8 13. a5 Nxa5 14. Nxa5 Rxc3 15. Re2 Rfc8 16. Rb2 Qxa5 17. Bd2 Ba3 18. Rba2 Rc2 19. Bxa5 Rxa2 20. Bf1 Rac2 21. Rxa3 Rc1 22. Qe2 Bh3 23. Be1 Bf5 24. Rxa7 Bg4 25. Bd2 Rb1 26. Kg2 g6 27. h3 Bxf3+ 28. Qxf3 Ne4 29. Ba5 Rb2 30. Be2 Rcc2 31. Ra8+ Kg7 32. Qf4 Rxe2 33. Kg1 Nxf2 34. Qh4 Ng4 35. hxg4 Rb1+ 0-1

[Event "GER-ch U25 op"]
[Site "Willingen"]
[Date "2009.06.03"]
[Round "6"]
[White "Laqua, Stefan"]
[Black "Goldbeck, Daniel Ernst"]
[Result "0-1"]
[WhiteElo "1744"]
[BlackElo "1391"]
[PlyCount "70"]
[EventDate "2009.05.30"]
[EventType "swiss"]
[EventRounds "9"]
[EventCountry "GER"]
[SourceTitle "EXT 2010"]
[Source "ChessBase"]
[SourceDate "2010.11.25"]
[SourceVersion "1"]
[SourceVersionDate "2010.11.25"]
[SourceQuality "1"]

1. e4 c6 2. d4 d5 3. Nc3 e6 4. e5 c5 5. Nf3 Nc6 6. Be3 Qb6 7. Na4 Qb4+ 8. c3 Qa5 9. Nxc5 Bxc5 10. dxc5 Nge7 11. Bd3 0-0 12. 0-0 Ng6 13. Bd4 Qc7 14. Re1 f6 15. Bxg6 hxg6 16. b4 a5 17. b5 Ne7 18. a4 Bd7 19. Qc1 Nf5 20. Ra2 Rac8 21. Qa3 Rf7 22. g4 Nxd4 23. cxd4 fxe5 24. Nxe5 Rf4 25. Qe3 Rcf8 26. h3 Qd8 27. Nxd7 Qxd7 28. Rd2 Re4 29. Qxe4 dxe4 30. Rxe4 Qd5 31. Re5 Qb3 32. c6 bxc6 33. bxc6 Qxa4 34. Rxe6 Qc4 35. d5 Qc1+ 0-1

[Event "GER-ch U25 op"]
[Site "Willingen"]
[Date "2009.06.02"]
[Round "4"]
[White "Reksten, Daniel"]
[Black "Goldbeck, Daniel Ernst"]
[Result "1-0"]
[WhiteElo "1638"]
[BlackElo "1391"]
[PlyCount "65"]
[EventDate "2009.05.30"]
[EventType "swiss"]
[EventRounds "9"]
[EventCountry "GER"]
[SourceTitle "EXT 2010"]
[Source "ChessBase"]
[SourceDate "2010.11.25"]
[SourceVersion "1"]
[SourceVersionDate "2010.11.25"]
[SourceQuality "1"]

1. d4 d5 2. c4 e6 3. Nc3 Nf6 4. Bg5 Nc6 5. Nf3 Be7 6. e3 Bd7 7. Qc2 0-0 8. cxd5 Nxd5 9. Bxe7 Qxe7 10. Nxd5 exd5 11. a3 Qe4 12. Bd3 Qg4 13. 0-0 h6 14. b4 Rac8 15. b5 Ne7 16. Ne5 Qe6 17. Rab1 c6 18. b6 a6 19. Rfc1 Be8 20. Nf3 Ng6 21. Nd2 f5 22. Nb3 f4 23. Nc5 Qf7 24. Nxb7 Qxb7 25. Bxg6 Bxg6 26. Qxg6 Rf6 27. Qc2 f3 28. a4 Rb8 29. Qd3 Kf7 30. a5 Rg6 31. Qf5+ Rf6 32. Qh5+ Rg6 33. Qxf3+ 1-0

[Event "Dortmund Sparkassen op-B"]
[Site "Dortmund"]
[Date "2008.07.06"]
[Round "9"]
[White "Gegner, Michael"]
[Black "Goldbeck, Daniel Ernst"]
[Result "1-0"]
[WhiteElo "1513"]
[BlackElo "1148"]
[PlyCount "55"]
[EventDate "2008.06.30"]
[EventType "swiss"]
[EventRounds "9"]
[EventCountry "GER"]
[SourceTitle "EXT 2022"]
[Source "ChessBase"]
[SourceDate "2021.10.06"]
[SourceVersion "1"]
[SourceVersionDate "2021.10.06"]
[SourceQuality "1"]

1. e4 e5 2. f4 exf4 3. Nf3 d6 4. d4 g6 5. Bxf4 Bg7 6. Bc4 Ne7 7. c3 0-0 8. 0-0 Nbc6 9. a3 Bd7 10. b4 a6 11. Qb3 b5 12. Bxf7+ Rxf7 13. Ng5 Be8 14. Be3 d5 15. Nxf7 Bxf7 16. e5 Nf5 17. Bf4 Qh4 18. Qc2 Be6 19. a4 Rf8 20. axb5 axb5 21. Na3 Ncxd4 22. cxd4 Nxd4 23. Qxc7 Rxf4 24. Rxf4 Qxf4 25. Nc2 Bxe5 26. Ra8+ Qf8 27. Rxf8+ Kxf8 28. Qxe5 1-0

[Event "Dortmund Sparkassen op-B"]
[Site "Dortmund"]
[Date "2008.07.01"]
[Round "2"]
[White "Rohovoy, Dimitrij"]
[Black "Goldbeck, Daniel Ernst"]
[Result "1-0"]
[WhiteElo "1563"]
[BlackElo "1148"]
[PlyCount "57"]
[EventDate "2008.06.30"]
[EventType "swiss"]
[EventRounds "9"]
[EventCountry "GER"]
[SourceTitle "EXT 2022"]
[Source "ChessBase"]
[SourceDate "2021.10.06"]
[SourceVersion "1"]
[SourceVersionDate "2021.10.06"]
[SourceQuality "1"]

1. d4 d5 2. c4 e6 3. Nc3 Bb4 4. Nf3 Nf6 5. e3 c6 6. Bd3 dxc4 7. Bxc4 Ne4 8. Qc2 Qa5 9. Bd2 Nxd2 10. Qxd2 b5 11. Bd3 Na6 12. 0-0 Nc7 13. Qc2 Bb7 14. a3 Bxc3 15. bxc3 g6 16. a4 Nd5 17. axb5 Qxc3 18. Qxc3 Nxc3 19. bxc6 Bxc6 20. Rfc1 Bxf3 21. Rxc3 Bb7 22. Rc7 Bc8 23. Rac1 Rb8 24. h3 0-0 25. Be4 h6 26. Bxg6 Bb7 27. Bh5 Be4 28. f3 Bxf3 29. Bxf3 1-0